Central Library OPAC University of Rajshahi

Kitāb Murūj al-dhahab al-Masʿūdī = (Record no. 28694)

MARC details
000 -LEADER
fixed length control field 01279nam a2200313 a 4500
001 - CONTROL NUMBER
control field 28694
003 - CONTROL NUMBER IDENTIFIER
rucl marc code UkOxU
005 - DATE AND TIME OF LATEST TRANSACTION
control field 20211209051322.0
008 - FIXED-LENGTH DATA ELEMENTS--GENERAL INFORMATION
fixed length control field 980706s1841 enk b 000 0 eng d
035 ## - SYSTEM CONTROL NUMBER
System control number (UkLCURL)0600p2572539
040 ## - CATALOGING SOURCE
Original cataloging agency VXJ
Transcribing agency VXJ
Modifying agency EUM
Language of cataloging eng
041 1# - LANGUAGE CODE
Language code of text/sound track or separate title eng
Language code of original ara
082 ## - DEWEY DECIMAL CLASSIFICATION NUMBER
Edition number 23
Classification number 909
Author mark and year MAE V-1 1841
100 0# - MAIN ENTRY--PERSONAL NAME
Personal name Masʿūdī,
Dates associated with a name -956?
9 (RLIN) 224341
245 10 - TITLE STATEMENT
Title Kitāb Murūj al-dhahab al-Masʿūdī =
Remainder of title El-Mas'údí's historical encyclopaedia, entitled "Meadows of gold and mines of gems" /
Statement of responsibility, etc. translated from the Arabic by Aloys Sprenger.
246 11 - VARYING FORM OF TITLE
Title proper/short title El-Mas'údí's historical encyclopaedia
Title proper/short title Mas'údí's historical encyclopaedia
Title proper/short title Meadows of gold and mines of gems
260 ## - PUBLICATION, DISTRIBUTION, ETC. (IMPRINT)
Place of publication, distribution, etc. London :
Name of publisher, distributor, etc. Printed for the Oriental Translation Fund of Great Britain and Ireland,
Date of publication, distribution, etc. 1841.
300 ## - PHYSICAL DESCRIPTION
Pagination lxxii, 464 p. ;
Size 26 cm.
500 ## - GENERAL NOTE
General note "Volume 1." No more published.
504 ## - BIBLIOGRAPHY, ETC. NOTE
Bibliography, etc Includes bibliographical references.
650 #0 - SUBJECT ADDED ENTRY--TOPICAL TERM
Topical term or geographic name as entry element World history
Form subdivision Early works to 1800.
9 (RLIN) 224342
Topical term or geographic name as entry element Geography, Medieval.
9 (RLIN) 224343
Topical term or geographic name as entry element Encyclopedias and dictionaries
Form subdivision Early works to 1600.
9 (RLIN) 224344
700 1# - ADDED ENTRY--PERSONAL NAME
Personal name Sprenger, Aloys,
Dates associated with a name 1813-1893 , tr.
942 ## - ADDED ENTRY ELEMENTS (KOHA)
Source of classification or shelving scheme Dewey Decimal Classification
Koha item type Rare Books
Holdings
Lost status Source of classification or shelving scheme Damaged status Not for loan Collection code Permanent Location Current Location Shelving location Date acquired Total Checkouts Full call number Date last seen Copy number Koha item type
  Dewey Decimal Classification   Not For Loan Rare Books Central Library, University of Rajshahi Central Library, University of Rajshahi Rare Book Section 28/10/2018   RA 909 MAE V-1 1841 28/10/2018 C-1 Rare Books